[Event "ODJM B 2025"]
[Site "Willingen GER"]
[Date "2025.06.11"]
[Round "6"]
[White "Er, Sadik Bugra"]
[Black "Han, Erdem"]
[Result "1-0"]
[Termination "normal"]
[Board "23"]
[WhiteElo "1728"]
[BlackElo "1765"]
[WhiteClock "00:11:47"]
[BlackClock "00:08:26"]
[PlyCount "63"]
[WhiteFideId "34660410"]
[BlackFideId "533000646"]
[EventCountry "GER"]
[EventRounds "9"]
[EventType "swiss"]
[EventDate "2025.06.07"]

1. e4 {[%clk 01:30:57]} {[%emt 00:00:02]} c5 {[%clk 01:30:55]} {[%emt
00:00:05]} 2. Nf3 {[%clk 01:31:22]} {[%emt 00:00:06]} Nc6 {[%clk 01:31:20]}
{[%emt 00:00:05]} 3. d4 {[%clk 01:31:48]} {[%emt 00:00:04]} cxd4 {[%clk
01:31:44]} {[%emt 00:00:06]} 4. Nxd4 {[%clk 01:32:14]} {[%emt 00:00:04]} e5
{[%clk 01:32:07]} {[%emt 00:00:07]} 5. Nb5 {[%clk 01:32:41]} {[%emt 00:00:03]}
d6 {[%clk 01:32:27]} {[%emt 00:00:10]} 6. N1c3 {[%clk 01:33:06]} {[%emt
00:00:05]} a6 {[%clk 01:32:39]} {[%emt 00:00:18]} 7. Na3 {[%clk 01:33:29]}
{[%emt 00:00:08]} Be7 {[%clk 01:32:58]} {[%emt 00:00:10]} 8. Nc4 {[%clk
01:30:51]} {[%emt 00:03:08]} b5 {[%clk 01:31:52]} {[%emt 00:01:36]} 9. Ne3
{[%clk 01:31:15]} {[%emt 00:00:06]} Nf6 {[%clk 01:31:31]} {[%emt 00:00:51]} 10.
a3 {[%clk 01:31:11]} {[%emt 00:00:34]} Be6 {[%clk 01:30:23]} {[%emt 00:01:37]}
11. Bd3 {[%clk 01:30:20]} {[%emt 00:01:21]} O-O {[%clk 01:28:22]} {[%emt
00:02:32]} 12. O-O {[%clk 01:29:51]} {[%emt 00:00:58]} g6 {[%clk 01:15:40]}
{[%emt 00:13:14]} 13. a4 {[%clk 01:27:50]} {[%emt 00:02:31]} b4 {[%clk
01:14:24]} {[%emt 00:01:44]} 14. Ncd5 {[%clk 01:25:31]} {[%emt 00:02:50]} Bxd5
{[%clk 01:14:02]} {[%emt 00:00:51]} 15. Nxd5 {[%clk 01:22:10]} {[%emt
00:03:51]} Nxd5 {[%clk 01:13:33]} {[%emt 00:00:59]} 16. exd5 {[%clk 01:22:22]}
{[%emt 00:00:19]} Nb8 {[%clk 01:13:14]} {[%emt 00:00:48]} 17. Bh6 {[%clk
01:11:01]} {[%emt 00:11:51]} Re8 {[%clk 01:13:15]} {[%emt 00:00:30]} 18. Qg4
{[%clk 01:11:10]} {[%emt 00:00:20]} a5 {[%clk 00:54:49]} {[%emt 00:18:56]} 19.
f4 {[%clk 00:55:10]} {[%emt 00:16:31]} Bf8 {[%clk 00:39:19]} {[%emt 00:16:00]}
20. Bxf8 {[%clk 00:47:16]} {[%emt 00:08:22]} Rxf8 {[%clk 00:38:11]} {[%emt
00:01:39]} 21. f5 {[%clk 00:47:07]} {[%emt 00:00:40]} Kg7 {[%clk 00:34:05]}
{[%emt 00:04:35]} 22. f6+ {[%clk 00:44:29]} {[%emt 00:03:08]} Kh8 {[%clk
00:34:02]} {[%emt 00:00:33]} 23. Rf3 {[%clk 00:35:55]} {[%emt 00:09:04]} Nd7
{[%clk 00:33:41]} {[%emt 00:00:51]} 24. Raf1 {[%clk 00:34:32]} {[%emt
00:01:53]} Rg8 {[%clk 00:26:15]} {[%emt 00:07:56]} 25. Kh1 {[%clk 00:22:00]}
{[%emt 00:13:02]} Rc8 {[%clk 00:17:00]} {[%emt 00:09:45]} 26. Qh4 {[%clk
00:19:26]} {[%emt 00:03:04]} Nf8 {[%clk 00:16:20]} {[%emt 00:01:10]} 27. Rh3
{[%clk 00:17:59]} {[%emt 00:01:57]} e4 {[%clk 00:09:45]} {[%emt 00:07:05]} 28.
Bxe4 {[%clk 00:16:00]} {[%emt 00:02:29]} Rc4 {[%clk 00:09:22]} {[%emt
00:00:54]} 29. b3 {[%clk 00:12:20]} {[%emt 00:04:09]} Rc3 {[%clk 00:09:20]}
{[%emt 00:00:32]} 30. Rxc3 {[%clk 00:12:06]} {[%emt 00:00:45]} bxc3 {[%clk
00:09:40]} {[%emt 00:00:09]} 31. Qg3 {[%clk 00:12:10]} {[%emt 00:00:25]} Qc7
{[%clk 00:08:26]} {[%emt 00:01:45]} 32. Rf3 {[%clk 00:11:47]} {[%emt 00:00:52]}
1-0

[Event "ODJM B 2025"]
[Site "Willingen GER"]
[Date "2025.06.11"]
[Round "6"]
[White "Zussner, Tim"]
[Black "Cilo, Seyyid"]
[Result "0-1"]
[Termination "normal"]
[Board "26"]
[WhiteElo "1800"]
[BlackElo "1717"]
[WhiteClock "00:14:50"]
[BlackClock "00:31:23"]
[PlyCount "58"]
[WhiteFideId "34642765"]
[BlackFideId "34615938"]
[EventCountry "GER"]
[EventRounds "9"]
[EventType "swiss"]
[EventDate "2025.06.07"]

1. d4 {[%clk 01:30:58]} {[%emt 00:00:02]} d5 {[%clk 01:30:56]} {[%emt
00:00:04]} 2. c4 {[%clk 01:31:24]} {[%emt 00:00:04]} e6 {[%clk 01:31:22]}
{[%emt 00:00:04]} 3. cxd5 {[%clk 01:31:43]} {[%emt 00:00:11]} exd5 {[%clk
01:31:44]} {[%emt 00:00:08]} 4. Nc3 {[%clk 01:32:08]} {[%emt 00:00:05]} Nf6
{[%clk 01:31:39]} {[%emt 00:00:35]} 5. Bg5 {[%clk 01:32:23]} {[%emt 00:00:15]}
Nbd7 {[%emt 00:01:16]} 6. e3 {[%clk 01:32:22]} {[%emt 00:00:27]} Nb6 {[%clk
01:30:33]} {[%emt 00:00:54]} 7. Bd3 {[%clk 01:32:00]} {[%emt 00:00:52]} Be7
{[%clk 01:30:23]} {[%emt 00:00:41]} 8. Nf3 {[%emt 00:02:05]} Bg4 {[%clk
01:28:16]} {[%emt 00:02:30]} 9. Rc1 {[%clk 01:28:21]} {[%emt 00:02:39]} c6
{[%clk 01:26:48]} {[%emt 00:01:59]} 10. O-O {[%clk 01:27:07]} {[%emt 00:01:44]}
O-O {[%clk 01:24:50]} {[%emt 00:02:28]} 11. a3 {[%clk 01:23:55]} {[%emt
00:03:42]} Ne4 {[%clk 01:20:01]} {[%emt 00:05:19]} 12. Bf4 {[%clk 01:22:35]}
{[%emt 00:01:51]} f5 {[%clk 01:16:04]} {[%emt 00:04:27]} 13. h3 {[%clk
01:20:36]} {[%emt 00:02:28]} Bh5 {[%clk 01:13:40]} {[%emt 00:02:54]} 14. Be2
{[%clk 01:15:25]} {[%emt 00:05:40]} Bxf3 {[%clk 01:11:15]} {[%emt 00:02:56]}
15. Bxf3 {[%clk 01:14:53]} {[%emt 00:01:02]} Nc4 {[%clk 01:10:15]} {[%emt
00:01:30]} 16. Bxe4 {[%clk 01:08:53]} {[%emt 00:06:29]} fxe4 {[%clk 01:08:30]}
{[%emt 00:02:15]} 17. Qe2 {[%clk 01:02:13]} {[%emt 00:07:10]} Bd6 {[%clk
01:02:51]} {[%emt 00:06:10]} 18. Bxd6 {[%clk 00:58:16]} {[%emt 00:04:27]} Nxd6
{[%emt 00:11:27]} 19. b4 b5 {[%clk 00:59:19]} {[%emt 00:02:38]} 20. Qa2 {[%clk
00:43:57]} {[%emt 00:05:47]} Nc4 {[%emt 00:02:24]} 21. a4 {[%clk 00:40:59]}
{[%emt 00:03:19]} a6 {[%clk 00:56:17]} {[%emt 00:01:46]} 22. Rc2 {[%clk
00:34:12]} {[%emt 00:07:16]} Qg5 {[%clk 00:53:31]} {[%emt 00:03:16]} 23. Re2
{[%clk 00:24:24]} {[%emt 00:10:18]} Rae8 {[%clk 00:45:23]} {[%emt 00:08:38]}
24. Kh1 {[%emt 00:08:32]} Re6 {[%clk 00:40:53]} 25. Qc2 {[%clk 00:18:35]}
{[%emt 00:03:18]} Rg6 {[%clk 00:37:57]} {[%emt 00:03:26]} 26. Rg1 {[%clk
00:18:52]} {[%emt 00:00:13]} Rf3 {[%clk 00:36:21]} {[%emt 00:02:06]} 27. Qc1
{[%clk 00:17:02]} {[%emt 00:02:19]} Qh5 {[%clk 00:35:48]} {[%emt 00:01:03]} 28.
Qf1 {[%clk 00:16:11]} {[%emt 00:01:21]} Rxg2 {[%clk 00:31:39]} {[%emt
00:04:40]} 29. Rxg2 {[%clk 00:14:50]} {[%emt 00:01:51]} Rxh3+ {[%clk 00:31:23]}
{[%emt 00:00:45]} 0-1

[Event "ODJM B 2025"]
[Site "Willingen GER"]
[Date "2025.06.11"]
[Round "6"]
[White "Jakob, Lucas"]
[Black "Moldovan, Tatiana"]
[Result "1-0"]
[Termination "normal"]
[Board "27"]
[WhiteElo "1687"]
[BlackElo "1780"]
[WhiteClock "01:20:25"]
[BlackClock "01:08:28"]
[PlyCount "155"]
[WhiteFideId "34687181"]
[BlackFideId "16287398"]
[EventCountry "GER"]
[EventRounds "9"]
[EventType "swiss"]
[EventDate "2025.06.07"]

1. b3 {[%clk 01:30:59]} d5 {[%clk 01:30:54]} {[%emt 00:00:06]} 2. Bb2 {[%clk
01:31:25]} {[%emt 00:00:04]} c5 {[%clk 01:31:17]} {[%emt 00:00:07]} 3. e3
{[%clk 01:31:51]} {[%emt 00:00:04]} a6 {[%clk 01:31:41]} {[%emt 00:00:07]} 4.
Nf3 {[%clk 01:32:00]} {[%emt 00:00:19]} f6 {[%clk 01:32:03]} {[%emt 00:00:09]}
5. Be2 {[%clk 01:31:54]} {[%emt 00:00:36]} e5 {[%clk 01:32:21]} {[%emt
00:00:13]} 6. d4 {[%clk 01:32:04]} {[%emt 00:00:19]} e4 {[%clk 01:32:31]}
{[%emt 00:00:20]} 7. Nfd2 {[%clk 01:32:29]} {[%emt 00:00:05]} Bd6 {[%clk
01:32:39]} {[%emt 00:00:22]} 8. c4 {[%clk 01:32:27]} {[%emt 00:00:31]} Bf5
{[%clk 01:29:19]} {[%emt 00:03:51]} 9. Nc3 {[%clk 01:32:40]} {[%emt 00:00:17]}
cxd4 {[%clk 01:29:24]} {[%emt 00:00:25]} 10. exd4 {[%clk 01:32:41]} {[%emt
00:00:29]} Nc6 {[%clk 01:29:05]} {[%emt 00:00:48]} 11. Nxd5 {[%clk 01:32:35]}
{[%emt 00:00:36]} Nge7 {[%clk 01:28:50]} {[%emt 00:00:45]} 12. Ne3 {[%clk
01:32:20]} {[%emt 00:00:45]} Bg6 {[%clk 01:28:16]} {[%emt 00:01:05]} 13. O-O
{[%clk 01:31:50]} {[%emt 00:01:00]} Bc7 {[%clk 01:27:59]} {[%emt 00:00:47]} 14.
d5 {[%clk 01:31:13]} {[%emt 00:01:07]} Ne5 {[%clk 01:27:40]} {[%emt 00:00:49]}
15. Bh5 {[%clk 01:30:14]} {[%emt 00:01:29]} Qd6 {[%clk 01:27:39]} {[%emt
00:00:31]} 16. g3 {[%clk 01:28:47]} {[%emt 00:01:57]} Bxh5 {[%clk 01:26:13]}
{[%emt 00:01:56]} 17. Qxh5+ {[%clk 01:29:03]} {[%emt 00:00:13]} g6 {[%clk
01:26:41]} {[%emt 00:00:03]} 18. Qe2 {[%clk 01:28:39]} {[%emt 00:00:52]} f5
{[%clk 01:26:11]} {[%emt 00:01:02]} 19. Rac1 {[%clk 01:26:54]} {[%emt
00:02:15]} Qd8 {[%clk 01:21:31]} {[%emt 00:05:10]} 20. f4 {[%clk 01:26:32]}
{[%emt 00:00:51]} exf3 {[%clk 01:21:47]} {[%emt 00:00:15]} 21. Nxf3 {[%clk
01:26:51]} {[%emt 00:00:10]} Nxf3+ {[%clk 01:22:04]} {[%emt 00:00:13]} 22. Qxf3
{[%clk 01:26:57]} {[%emt 00:00:22]} O-O {[%clk 01:21:37]} {[%emt 00:01:00]} 23.
c5 {[%clk 01:25:10]} {[%emt 00:02:16]} Bb8 {[%clk 01:21:45]} {[%emt 00:00:22]}
24. d6 {[%clk 01:24:58]} {[%emt 00:00:43]} Nc6 {[%clk 01:22:05]} {[%emt
00:00:10]} 25. Nd5 {[%clk 01:25:04]} {[%emt 00:00:23]} Bxd6 {[%clk 01:20:09]}
{[%emt 00:02:27]} 26. cxd6 {[%clk 01:23:27]} {[%emt 00:02:07]} Qxd6 {[%clk
01:20:04]} {[%emt 00:00:35]} 27. Rfd1 {[%clk 01:23:13]} {[%emt 00:00:44]} Rad8
{[%clk 01:12:40]} {[%emt 00:07:55]} 28. Nf6+ {[%clk 01:20:47]} {[%emt
00:02:55]} Rxf6 {[%clk 01:13:09]} {[%emt 00:00:01]} 29. Rxd6 {[%clk 01:21:05]}
{[%emt 00:00:12]} Rfxd6 {[%clk 01:13:34]} {[%emt 00:00:04]} 30. Qc3 {[%clk
01:20:45]} {[%emt 00:00:50]} Nd4 {[%clk 01:13:45]} {[%emt 00:00:20]} 31. Qc4+
{[%clk 01:20:50]} {[%emt 00:00:24]} Ne6 {[%clk 01:13:53]} {[%emt 00:00:23]} 32.
Re1 {[%clk 01:20:43]} {[%emt 00:00:37]} Kf7 {[%clk 01:14:06]} {[%emt 00:00:17]}
33. Qb4 {[%clk 01:19:17]} {[%emt 00:01:52]} R8d7 {[%clk 01:14:09]} {[%emt
00:00:30]} 34. Ba3 {[%clk 01:18:33]} {[%emt 00:01:13]} Rd4 {[%clk 01:09:53]}
{[%emt 00:04:49]} 35. Qb6 {[%clk 01:17:42]} {[%emt 00:01:20]} Ng5 {[%clk
01:10:11]} {[%emt 00:00:12]} 36. Re7+ {[%clk 01:17:11]} {[%emt 00:01:00]} Rxe7
{[%clk 01:09:55]} {[%emt 00:00:47]} 37. Bxe7 {[%clk 01:17:23]} {[%emt
00:00:18]} Rd1+ {[%clk 01:10:11]} {[%emt 00:00:14]} 38. Kf2 {[%clk 01:17:30]}
{[%emt 00:00:23]} Kxe7 {[%clk 01:09:36]} {[%emt 00:01:06]} 39. Qxb7+ {[%clk
01:17:41]} {[%emt 00:00:19]} Rd7 {[%clk 01:09:22]} {[%emt 00:00:44]} 40. Qxa6
{[%clk 01:17:49]} {[%emt 00:00:22]} Ne4+ {[%clk 01:09:49]} {[%emt 00:00:02]}
41. Ke3 {[%clk 01:18:02]} {[%emt 00:00:16]} Rc7 {[%clk 01:08:57]} {[%emt
00:01:23]} 42. b4 {[%clk 01:17:59]} {[%emt 00:00:32]} Kd7 {[%emt 00:00:21]} 43.
b5 {[%clk 01:18:13]} {[%emt 00:00:13]} Nc5 {[%clk 01:09:31]} {[%emt 00:00:09]}
44. Qa8 {[%clk 01:18:07]} {[%emt 00:00:32]} Rb7 {[%clk 01:09:19]} {[%emt
00:00:46]} 45. a4 {[%clk 01:18:18]} {[%emt 00:00:19]} Kc7 {[%clk 01:08:49]}
{[%emt 00:01:01]} 46. Qa5+ {[%clk 01:18:03]} {[%emt 00:00:43]} Kb8 {[%clk
01:07:26]} {[%emt 00:01:53]} 47. Qd8+ {[%clk 01:17:58]} {[%emt 00:00:35]} Ka7
{[%clk 01:07:38]} {[%emt 00:00:19]} 48. Qd4 {[%clk 01:18:06]} {[%emt 00:00:21]}
Rc7 {[%clk 01:06:31]} {[%emt 00:01:36]} 49. a5 {[%clk 01:16:35]} {[%emt
00:02:02]} Kb7 {[%clk 01:03:50]} {[%emt 00:03:13]} 50. b6 {[%clk 01:15:58]}
{[%emt 00:01:04]} Re7+ {[%clk 01:00:42]} {[%emt 00:03:40]} 51. Kf2 {[%clk
01:16:03]} {[%emt 00:00:25]} Ne6 {[%clk 00:59:40]} {[%emt 00:01:32]} 52. Qd5+
{[%clk 01:15:58]} {[%emt 00:00:34]} Ka6 {[%clk 01:00:04]} {[%emt 00:00:07]} 53.
Qd6 {[%clk 01:16:05]} {[%emt 00:00:22]} Rb7 {[%clk 01:00:10]} {[%emt 00:00:25]}
54. Qxe6 {[%clk 01:16:26]} {[%emt 00:00:08]} Kxa5 {[%clk 01:00:36]} {[%emt
00:00:05]} 55. Kf3 {[%clk 01:16:34]} {[%emt 00:00:21]} Ka6 {[%clk 01:00:51]}
{[%emt 00:00:15]} 56. Kf4 {[%clk 01:16:41]} {[%emt 00:00:22]} Rxb6 {[%clk
01:01:01]} {[%emt 00:00:21]} 57. Qa2+ {[%clk 01:16:37]} {[%emt 00:00:34]} Kb5
{[%clk 01:01:13]} {[%emt 00:00:18]} 58. Qf7 {[%clk 01:16:55]} {[%emt 00:00:12]}
h5 {[%clk 01:01:32]} {[%emt 00:00:12]} 59. Kg5 {[%clk 01:17:08]} {[%emt
00:00:16]} Kc5 {[%clk 01:01:50]} {[%emt 00:00:13]} 60. Qxg6 {[%clk 01:16:46]}
{[%emt 00:00:51]} Rxg6 {[%clk 01:02:03]} {[%emt 00:00:17]} 61. Kxg6 {[%emt
00:01:13]} h4 {[%clk 01:02:15]} {[%emt 00:00:17]} 62. Kxf5 {[%clk 01:16:21]}
{[%emt 00:00:13]} hxg3 {[%clk 01:02:29]} {[%emt 00:00:16]} 63. hxg3 {[%clk
01:16:44]} {[%emt 00:00:07]} Kd6 {[%clk 01:03:45]} {[%emt 00:00:41]} 64. Kf6
{[%clk 01:17:22]} Kd7 {[%clk 01:03:45]} 65. Kf7 Kd6 {[%emt 00:00:25]} 66. g4
{[%clk 01:17:22]} Ke5 {[%clk 01:04:11]} {[%emt 00:00:05]} 67. g5 {[%clk
01:17:34]} {[%emt 00:00:18]} Kf5 {[%clk 01:04:39]} {[%emt 00:00:02]} 68. g6
{[%clk 01:17:58]} {[%emt 00:00:06]} Kg5 {[%clk 01:05:08]} {[%emt 00:00:02]} 69.
g7 {[%clk 01:18:20]} {[%emt 00:00:07]} Kf5 {[%clk 01:05:34]} {[%emt 00:00:04]}
70. g8=Q {[%clk 01:18:40]} {[%emt 00:00:09]} Ke5 {[%clk 01:06:02]} {[%emt
00:00:03]} 71. Qg4 {[%clk 01:18:51]} {[%emt 00:00:18]} Kd5 {[%emt 00:00:05]}
72. Ke7 {[%clk 01:19:03]} {[%emt 00:00:17]} Kc5 {[%clk 01:06:53]} {[%emt
00:00:07]} 73. Qe4 {[%clk 01:19:23]} {[%emt 00:00:08]} Kb5 {[%clk 01:07:19]}
{[%emt 00:00:05]} 74. Kd6 {[%clk 01:19:29]} {[%emt 00:00:23]} Ka5 {[%clk
01:07:45]} {[%emt 00:00:05]} 75. Qb1 {[%clk 01:19:47]} {[%emt 00:00:11]} Ka4
{[%clk 01:08:08]} {[%emt 00:00:09]} 76. Kc5 {[%clk 01:20:04]} {[%emt 00:00:12]}
Ka3 {[%clk 01:08:28]} {[%emt 00:00:11]} 77. Kc4 {[%clk 01:20:25]} Ka4 {[%clk
01:08:28]} 78. Qb4# 1-0

[Event "ODJM B 2025"]
[Site "Willingen GER"]
[Date "2025.06.11"]
[Round "6"]
[White "Wilmink, Luca"]
[Black "Magezi, Noah"]
[Result "1-0"]
[Termination "normal"]
[Board "28"]
[WhiteElo "1779"]
[BlackElo "1607"]
[WhiteClock "00:52:18"]
[BlackClock "00:01:46"]
[PlyCount "61"]
[WhiteFideId "16245253"]
[BlackFideId "34696113"]
[EventCountry "GER"]
[EventRounds "9"]
[EventType "swiss"]
[EventDate "2025.06.07"]

1. e4 {[%clk 01:30:57]} {[%emt 00:00:03]} c5 {[%clk 01:30:58]} {[%emt
00:00:03]} 2. Nf3 {[%clk 01:30:57]} {[%emt 00:00:29]} e6 {[%clk 01:31:21]}
{[%emt 00:00:06]} 3. d4 {[%clk 01:31:04]} {[%emt 00:00:24]} cxd4 {[%clk
01:31:45]} {[%emt 00:00:07]} 4. Nxd4 {[%clk 01:31:28]} {[%emt 00:00:05]} a6
{[%clk 01:32:09]} {[%emt 00:00:06]} 5. Bd3 {[%clk 01:28:45]} {[%emt 00:03:13]}
Bc5 {[%clk 01:31:59]} {[%emt 00:00:41]} 6. Nf3 {[%clk 01:28:17]} {[%emt
00:00:57]} Nf6 {[%clk 01:29:17]} {[%emt 00:03:12]} 7. Bg5 {[%clk 01:27:19]}
{[%emt 00:01:28]} Be7 {[%clk 01:24:46]} {[%emt 00:05:02]} 8. O-O {[%clk
01:24:54]} {[%emt 00:02:55]} d6 {[%clk 01:21:49]} {[%emt 00:03:27]} 9. Nc3
{[%clk 01:23:41]} {[%emt 00:01:42]} O-O {[%clk 01:20:07]} {[%emt 00:02:12]} 10.
Qe2 {[%clk 01:18:07]} {[%emt 00:06:04]} Nbd7 {[%clk 01:17:14]} {[%emt
00:03:23]} 11. Rad1 {[%clk 01:17:29]} {[%emt 00:01:08]} Qc7 {[%clk 01:13:13]}
{[%emt 00:04:31]} 12. a4 {[%clk 01:14:21]} {[%emt 00:03:39]} b6 {[%clk
01:01:28]} {[%emt 00:12:15]} 13. Na2 {[%clk 01:10:28]} {[%emt 00:04:21]} Nc5
{[%clk 00:53:38]} {[%emt 00:08:21]} 14. b3 {[%clk 01:08:42]} {[%emt 00:02:16]}
Bb7 {[%clk 00:50:02]} {[%emt 00:04:05]} 15. Nd2 {[%clk 01:06:39]} {[%emt
00:02:34]} Rfe8 {[%clk 00:38:54]} {[%emt 00:11:38]} 16. c4 {[%clk 01:05:05]}
{[%emt 00:02:03]} Nfd7 {[%clk 00:22:59]} {[%emt 00:16:25]} 17. Bxe7 {[%clk
01:04:28]} {[%emt 00:01:08]} Rxe7 {[%clk 00:23:27]} {[%emt 00:00:02]} 18. Bc2
{[%clk 01:04:26]} {[%emt 00:00:31]} e5 {[%clk 00:17:14]} {[%emt 00:06:44]} 19.
Nc3 {[%clk 01:03:26]} {[%emt 00:01:30]} Ne6 {[%clk 00:16:53]} {[%emt 00:00:51]}
20. Nf3 {[%clk 01:02:11]} {[%emt 00:01:45]} Rc8 {[%clk 00:13:50]} {[%emt
00:03:33]} 21. Qd2 {[%clk 01:01:24]} {[%emt 00:01:16]} Nd4 {[%clk 00:10:26]}
{[%emt 00:03:55]} 22. Nxd4 {[%clk 01:01:23]} {[%emt 00:00:31]} exd4 {[%clk
00:10:52]} {[%emt 00:00:04]} 23. Qxd4 {[%clk 01:01:28]} {[%emt 00:00:25]} Re6
{[%clk 00:10:01]} {[%emt 00:01:21]} 24. e5 {[%clk 00:55:52]} {[%emt 00:06:06]}
Nxe5 {[%clk 00:08:02]} {[%emt 00:02:29]} 25. Bf5 {[%clk 00:53:22]} {[%emt
00:02:59]} Rf6 {[%clk 00:06:42]} {[%emt 00:01:50]} 26. Bxc8 {[%clk 00:53:38]}
{[%emt 00:00:15]} Qxc8 {[%clk 00:05:37]} {[%emt 00:01:36]} 27. Nd5 {[%clk
00:53:09]} {[%emt 00:00:57]} Nf3+ {[%clk 00:02:30]} {[%emt 00:03:37]} 28. gxf3
{[%clk 00:52:46]} {[%emt 00:00:54]} Rg6+ {[%clk 00:02:46]} {[%emt 00:00:14]}
29. Kh1 {[%clk 00:51:55]} {[%emt 00:01:20]} Bxd5 {[%clk 00:01:35]} {[%emt
00:01:42]} 30. Qxd5 {[%clk 00:51:57]} {[%emt 00:00:28]} Qh3 {[%clk 00:01:46]}
{[%emt 00:00:20]} 31. Qa8+ {[%clk 00:52:18]} {[%emt 00:00:08]} 1-0

[Event "ODJM B 2025"]
[Site "Willingen GER"]
[Date "2025.06.11"]
[Round "6"]
[White "Sauer, Ben"]
[Black "Özkurt, Kaan"]
[Result "1/2-1/2"]
[Termination "normal"]
[Board "29"]
[WhiteElo "1675"]
[BlackElo "1779"]
[WhiteClock "00:07:22"]
[BlackClock "00:06:26"]
[PlyCount "66"]
[WhiteFideId "34606866"]
[BlackFideId "34655182"]
[EventCountry "GER"]
[EventRounds "9"]
[EventType "swiss"]
[EventDate "2025.06.07"]

1. e4 {[%clk 01:30:58]} {[%emt 00:00:01]} e6 {[%clk 01:30:55]} {[%emt
00:00:06]} 2. d4 {[%clk 01:31:17]} {[%emt 00:00:11]} d5 {[%clk 01:31:15]}
{[%emt 00:00:09]} 3. e5 {[%clk 01:31:10]} {[%emt 00:00:37]} c5 {[%clk
01:30:56]} {[%emt 00:00:50]} 4. c3 {[%clk 01:31:24]} {[%emt 00:00:16]} Nc6
{[%clk 01:30:35]} {[%emt 00:00:51]} 5. Nf3 {[%clk 01:31:16]} {[%emt 00:00:37]}
Qb6 {[%clk 01:30:47]} {[%emt 00:00:18]} 6. Be2 {[%clk 01:30:55]} {[%emt
00:00:51]} cxd4 {[%clk 01:30:54]} {[%emt 00:00:24]} 7. cxd4 {[%clk 01:30:25]}
{[%emt 00:01:00]} Nge7 {[%clk 01:31:20]} {[%emt 00:00:04]} 8. Na3 {[%clk
01:19:08]} {[%emt 00:11:47]} Nf5 {[%clk 01:29:50]} {[%emt 00:02:00]} 9. Nc2
{[%clk 01:17:38]} {[%emt 00:02:00]} Be7 {[%clk 01:25:24]} {[%emt 00:04:55]} 10.
O-O {[%clk 01:16:31]} {[%emt 00:01:37]} O-O {[%clk 01:24:39]} {[%emt 00:01:15]}
11. b3 {[%clk 01:10:06]} {[%emt 00:06:55]} Bd7 {[%clk 01:23:55]} {[%emt
00:01:14]} 12. Bb2 {[%clk 01:09:36]} {[%emt 00:01:00]} Rac8 {[%clk 01:18:53]}
{[%emt 00:05:32]} 13. Ne3 {[%clk 01:03:14]} {[%emt 00:06:52]} Nxe3 {[%clk
01:14:44]} {[%emt 00:04:40]} 14. fxe3 {[%clk 01:03:19]} {[%emt 00:00:24]} Nb4
{[%clk 01:04:57]} {[%emt 00:10:18]} 15. Ne1 {[%clk 00:55:14]} {[%emt 00:08:34]}
Bb5 {[%clk 00:46:32]} {[%emt 00:18:55]} 16. Bxb5 {[%clk 00:46:03]} {[%emt
00:09:41]} Qxb5 {[%clk 00:46:58]} {[%emt 00:00:04]} 17. a3 {[%clk 00:45:23]}
{[%emt 00:01:10]} Nc6 {[%clk 00:45:32]} {[%emt 00:01:57]} 18. Nd3 {[%clk
00:44:09]} {[%emt 00:01:43]} Na5 {[%clk 00:42:54]} {[%emt 00:03:07]} 19. b4
{[%clk 00:40:59]} {[%emt 00:03:41]} Nc4 {[%clk 00:42:03]} {[%emt 00:01:21]} 20.
Bc1 {[%clk 00:36:15]} {[%emt 00:05:14]} Nxe3 {[%clk 00:27:58]} {[%emt
00:14:35]} 21. a4 {[%clk 00:23:01]} {[%emt 00:13:45]} Nxd1 {[%clk 00:28:05]}
{[%emt 00:00:22]} 22. axb5 {[%clk 00:22:52]} {[%emt 00:00:39]} Nc3 {[%clk
00:26:55]} {[%emt 00:01:39]} 23. Rxa7 {[%clk 00:20:59]} {[%emt 00:02:23]} Rb8
{[%clk 00:26:40]} {[%emt 00:00:46]} 24. Be3 {[%clk 00:18:12]} {[%emt 00:03:16]}
Nxb5 {[%clk 00:26:19]} {[%emt 00:00:51]} 25. Ra5 {[%clk 00:17:08]} {[%emt
00:01:35]} Nc3 {[%clk 00:24:34]} {[%emt 00:02:15]} 26. Ra3 {[%clk 00:16:10]}
{[%emt 00:01:27]} Ne4 {[%clk 00:24:35]} {[%emt 00:00:30]} 27. Nc5 {[%clk
00:14:53]} {[%emt 00:01:47]} Nxc5 {[%clk 00:21:28]} {[%emt 00:03:38]} 28. bxc5
{[%clk 00:14:24]} {[%emt 00:00:58]} f6 {[%clk 00:19:10]} {[%emt 00:02:48]} 29.
Bf4 {[%clk 00:11:50]} {[%emt 00:03:03]} f5 {[%clk 00:17:31]} {[%emt 00:02:10]}
30. Rb3 {[%clk 00:08:56]} {[%emt 00:03:24]} Rfc8 {[%clk 00:16:50]} {[%emt
00:01:12]} 31. Rfb1 {[%clk 00:08:50]} {[%emt 00:00:36]} Rc7 {[%clk 00:09:45]}
{[%emt 00:07:35]} 32. Rb6 {[%clk 00:08:16]} {[%emt 00:01:02]} Kf7 {[%clk
00:09:01]} {[%emt 00:01:15]} 33. c6 {[%clk 00:07:22]} {[%emt 00:01:24]} Bd8
{[%clk 00:06:26]} {[%emt 00:03:05]} 1/2-1/2